000 00754nam a2200241Ia 4500
003 OSt
005 20220923223232.0
006 a|||||r|||| 00| 0
007 ta
008 220922b |||||||| |||| 00| 0 hin d
024 _a212,474
037 _cTextual
040 _aARTS
_cARTS
_bhin
041 _2hin
_ahin
082 _aO152,3N222x, L7-;1
100 _aवर्मा, लक्ष्मी कांत
_9156370
245 0 _aनीम के फूल
246 _aNīm ke fūla
260 _aइलाहाबाद
_b राजीव प्रका0
_c1977
300 _a253पृ.
_ccm.
942 _hO152,3N222x, L7-;1
_cTEXL
_2CC
999 _c362748
_d362748